| 000 | nam a22 a 4500 | ||
|---|---|---|---|
| 999 |
_c126067 _d126067 |
||
| 003 | BLK | ||
| 005 | 20221109162303.0 | ||
| 008 | 180409b bul|||||r ||||||| ||bul|| | ||
| 010 | _aKNG00131746000 | ||
| 040 | _aBLK | ||
| 041 |
_aBUL _cBUL |
||
| 080 |
_aУругвайска литература _b821.134.2(899) _x-31 _z821.134.2(899)-31 |
||
| 100 | 1 |
_aБенедети, Марио _eпърви автор _938226 |
|
| 139 |
_aБенедети, Марио _bБ 37 |
||
| 245 | 1 | 0 |
_aБлагодаря за огъня _bРоман _cМарио Бенедети; прев. от исп. Емилия Юлзари |
| 257 | _aURG | ||
| 260 |
_aПловдив _bХристо Г. Данов _c1978 |
||
| 300 |
_a195 с. _c21 см |
||
| 380 | _aX | ||
| 500 | _aОриг. загл. Gracias por el fuego. | ||
| 700 | 1 |
_aЮлзари, Емилия _eпрев. от исп. _9368326 |
|
| 852 |
_aЦб 91784 _bЦб |
||
| 856 | 4 |
_qpdf _i0.00 _ldisable |
|
| 942 |
_cKNG _n0 _s1 |
||
| 944 |
_aCR _c27.06.2012 _l27.06.2012 - от С1,Р / 27.06.2012 _kНаталия_Медовщикова |
||
| 944 |
_aED _c27.06.2012 _l27.06.2012 - от С1,Р / 27.06.2012 |
||